000 00597 a2200193 4500
999 _c9763
_d9763
050 _aKTL19.A35SOU1989
100 _aFisher David S
_eEditor
245 _aSouth African Law Reports :
_b1989 (3) May /
_cedited by David S Fisher [et ...al]
264 _aCape Town :
_bJuta and CO,LTD,
_c1983
300 _a1002 p.
500 _aIncludes table of cases
650 _aLaw report
651 _aSouth Africa
700 _aFisher David S
_eeditor
700 _aOwen Barrow
_eeditor
710 _aBrenda Krynauw
710 _aNita Hanmer
942 _2lcc
_cSERIALS
_hKTL19.A35
_iSOU
_kKTZ